|
|
|
|
| LEADER |
00000cam a2200000 a 4500 |
| 001 |
vtls009332848 |
| 003 |
SK-MaSNL |
| 005 |
20260301024219.0 |
| 008 |
240315s2008 xo g 000 f slo |
| 015 |
|
|
|a SNBA2009/08-03973
|
| 020 |
|
|
|a 9788055117461
|q (viaz.)
|
| 035 |
|
|
|a 566FCB5D-6387-4344-923D-FDA49563161F
|
| 035 |
|
|
|a urn:nbn:sk:snk-amlc0h
|
| 035 |
|
|
|a urn:nbn:sk:snk-am0091pd
|
| 040 |
|
|
|a SNK
|b slo
|c SNK
|e AACR2
|
| 041 |
1 |
|
|a slo
|h eng
|
| 044 |
|
|
|a xo
|c SK
|
| 072 |
|
7 |
|a 821.111-3
|x Anglická próza, anglicky písaná
|2 konspekt
|
| 080 |
|
|
|a 821.111(71)-31
|2 2001
|
| 080 |
|
|
|a (0:82-312.4)
|2 2001
|
| 100 |
1 |
|
|a Barclay, Linwood,
|d 1955-
|4 aut
|9 206027
|
| 240 |
1 |
0 |
|a No time for goodbye
|l Slovensky
|
| 245 |
1 |
0 |
|a Bez rozlúčky
|c Linwood Barclay ; [z anglického originálu preložila Jana Kantorová-Báliková]
|
| 250 |
|
|
|a [1. vyd.]
|
| 260 |
|
|
|a Bratislava
|b Ikar
|c 2008
|
| 300 |
|
|
|a 326 s.
|c 21 cm
|
| 655 |
|
7 |
|a kanadské romány (anglicky)
|2 SNKPH
|9 70623
|
| 655 |
|
7 |
|a trilery (romány)
|2 SNKPH
|9 151146
|
| 655 |
|
7 |
|a umelecká literatúra
|2 SNKPH
|9 60405
|
| 700 |
1 |
|
|a Kantorová-Báliková, Jana,
|d 1951-
|9 160814
|
| 919 |
|
|
|a 978-80-551-1746-1
|
| 958 |
|
|
|a UP
|
| 958 |
|
|
|a LX
|
| 968 |
|
|
|b ENG
|d 821
|
| 999 |
|
|
|c 570713
|d 572643
|
| 952 |
|
|
|a SNK
|b SNK
|y PREZ
|7 0
|p 17A0599583
|o snkSC 133055 D1
|i snk2008/17808
|8 0
|0 0
|1 0
|4 0
|d 2008-09-26
|l 0
|r 2026-02-23 14:14:06
|w 2026-02-23
|
| 952 |
|
|
|a SNK
|b SNK
|y PREZ
|7 0
|p 17A0599200
|o snkSC 133055
|i snk2008/17690
|8 0
|0 0
|1 0
|4 0
|d 2008-09-25
|f 1
|l 0
|r 2025-06-24 00:00:00
|w 2026-02-23
|